| 000 | 02402nam a2200529 c 4500 | ||
|---|---|---|---|
| 003 | BLK | ||
| 005 | 20250317134951.0 | ||
| 008 | 180408b bul|||||r ||||||| ||bul|| | ||
| 010 | _aKNG00077477000 | ||
| 020 |
_a978-954-739-904-4 _bиздат.: Захарий Стоянов |
||
| 040 | _aBLK | ||
| 041 |
_aBUL _cBUL |
||
| 080 |
_aИстория на цивилизацията. История на културата _b930.85 _x(4) _z930.85(4) |
||
| 080 |
_aИстория на Европа. Средни векове. Ново време _b940.1/.2 _x _z940.1/.2 |
||
| 080 |
_aЦивилизация. Култура. Прогрес. История на културата вж 930.85 _b008 _x(4)(091) _z008(4)(091) |
||
| 080 |
_aИзкуство на епохата на Възраждането ХV-ХVI в. Барок. Рококо _b7.034 _x _z7.034 |
||
| 100 | 1 |
_aБротън, Джери _eпърви автор _943441 |
|
| 700 | 1 |
_aГанев, Владимир _eпрев. от англ. _9365635 |
|
| 139 |
_aБротън, Джери _bБ 82 |
||
| 245 | 1 | 0 |
_aРенесансът _cДжери Бротън; прев. от англ. Владимир Ганев. |
| 257 | _aUSA | ||
| 260 |
_аСофия _bЗахарий Стоянов _c2007 _fСофия : ПК Д. Благоев |
||
| 300 |
_a240 с. _bс ил. _c17 см |
||
| 380 | _a9 | ||
| 490 | 1 | _aМалка оксфордска библиотека | |
| 500 | _aОриг. загл. The Renaissance / Jerry Brotton. - Съдържа и По-важни години от Ренесанса. - Азб. показалец. | ||
| 650 | 4 |
_aКултура, европейска - история _9256595 |
|
| 650 | 4 |
_aРенесанс _9278186 |
|
| 650 | 4 |
_aВъзраждане - Европа - история _9256596 |
|
| 650 | 4 |
_aИзкуство, средновековно _9277834 |
|
| 651 | 4 |
_aЕвропа _9244407 |
|
| 653 | _aРенесанс | ||
| 653 | _aВъзраждане | ||
| 653 | _aкултура | ||
| 653 | _aистория | ||
| 653 | _aфилософия | ||
| 653 | _aнаука | ||
| 653 | _aцърква | ||
| 653 | _aгеографски открития | ||
| 653 | _aизкуство | ||
| 852 | _aЦб І 32723 | ||
| 856 | 4 |
_qpdf _u |
|
| 856 | 4 |
_qpdf _u |
|
| 942 |
_cKNG _n0 _03 |
||
| 944 |
_aCR _c16.08.2007 _k30552 _lВиолета Тройчева |
||
| 944 |
_aED _c18.11.2008 _k |
||
| 999 |
_c73096 _d73096 |
||